Analýza prechodu post-komunistických krajín z centrálne plánovanej ekonomiky na trhovú ekonomiku: Tridsať rokov kapitalizmu v Slovenskej republike bakalárska práca

Gespeichert in:
Bibliographische Detailangaben
1. Verfasser: Erdélyiová, Laura
Körperschaft: Národohospodárska fakulta EU. Katedra hospodárskej politiky
Weitere Verfasser: Majzlíková, Erika, 1993-
Format: Buch
Sprache:Slowakisch
Veröffentlicht: Bratislava 2023
Tags: Tag hinzufügen
Keine Tags, Fügen Sie das erste Tag hinzu!

MARC

LEADER 00000nbm a2200000 4500
001 0294476
005 20231205143041.2
041 0 |a slo 
044 |a SK 
245 1 0 |a Analýza prechodu post-komunistických krajín z centrálne plánovanej ekonomiky na trhovú ekonomiku: Tridsať rokov kapitalizmu v Slovenskej republike  |b bakalárska práca  |c Laura Erdélyiová ; školiteľ: Erika Majzlíková 
264 1 |a Bratislava  |c 2023 
300 |a 42 s. 
100 1 |a Erdélyiová, Laura 
700 1 |a Majzlíková, Erika, 1993- 
710 2 |a Národohospodárska fakulta EU. Katedra hospodárskej politiky